8086 MICROPROCESSOR PROGRAMMING AND INTE (Record no. 2204)
[ view plain ]
| 000 -LEADER | |
|---|---|
| fixed length control field | 00350nam a2200133Ia 4500 |
| 008 - FIXED-LENGTH DATA ELEMENTS--GENERAL INFORMATION | |
| fixed length control field | 240624s9999 xx 000 0 und d |
| 041 ## - LANGUAGE CODE | |
| Language code of text/sound track or separate title | eng |
| 082 ## - DEWEY DECIMAL CLASSIFICATION NUMBER | |
| Classification number | 004.16 AYA |
| 100 ## - MAIN ENTRY--PERSONAL NAME | |
| Personal name | AYALA KENNETH J |
| 245 ## - TITLE STATEMENT | |
| Title | 8086 MICROPROCESSOR PROGRAMMING AND INTE |
| 260 ## - PUBLICATION, DISTRIBUTION, ETC. | |
| Date of publication, distribution, etc. | 1995 |
| Place of publication, distribution, etc. | Mumbai |
| Name of publisher, distributor, etc. | Penram International |
| 300 ## - PHYSICAL DESCRIPTION | |
| Extent | xix, : 672 : cm. ; 26 |
| 365 ## - TRADE PRICE | |
| Currency code | RS |
| Withdrawn status | Lost status | Damaged status | Not for loan | Home library | Current library | Shelving location | Date acquired | Source of acquisition | Cost, normal purchase price | Full call number | Barcode | Date last seen | Copy number | Price effective from | Koha item type |
|---|---|---|---|---|---|---|---|---|---|---|---|---|---|---|---|
| IMTN | IMTN | Rack 1-A | 03/27/2005 | AP | 360.00 | 004.16 AYA | 2204 | 06/24/2024 | 1 | 06/24/2024 | Books |